| 000 | 00793nam a2200241Ia 4500 | ||
|---|---|---|---|
| 003 | GCL | ||
| 008 | 140319s9999 xx 000 0 ara d | ||
| 040 |
_aGCL / _cGCL |
||
| 082 | 0 | 4 |
_a953.508 _bز ح |
| 100 | 1 | _aحمدى تمام | |
| 245 | 1 | 0 |
_aزايد بن سلطان ال نهيان, القائد والمسيرة / _cحمدى تمام |
| 260 |
_a[S.N] : _bوزارة الاعلام والثقافة ، _c1981 |
||
| 300 | _a328 ص | ||
| 490 | _a | ||
| 650 | 0 | 4 | _aالخليج العربى |
| 650 | 0 | 4 | _aالامارات العربية المتحدة |
| 650 | 0 | 4 | _aالغوص |
| 650 | 0 | 4 | _aزايد بن سلطان ال نهيان |
| 650 | 0 | 4 | _aالبترول العربى |
| 650 | 0 | 4 | _aالمرأة العربية |
| 650 | 0 | 4 | _aالمرأة الخليجية |
| 942 |
_2ddc _cBK |
||
| 999 |
_c36758 _d36758 |
||